000
00326nam a2200133Ia 4500
008
240624s9999 xx 000 0 und d
041
_a
eng
082
_a
332.1 SIN
100
_a
SINGH KANHAIYA
245
_a
COMMERCIAL BANK MANAGEMENT
260
_c
2013
_a
New Delhi
_b
Tata McGraw-Hill
300
_a
600 : p.
365
_c
RS
_b
27
999
_c
21220
_d
21220